Diseño de un Plan Estratégico de la Empresa DIANCA periodo 2016-2020
Presenta un diseño de un plan estratégico ya que nunca se ha realizado una planificación formal de las actividades, lo que ocasiona un estancamiento de la empresa en cuanto a su participación en el mercado. Así mismo un diagnóstico de las condiciones macro ambientales y micro ambientales....
| Main Authors: | , |
|---|---|
| Other Authors: | |
| Format: | Tesis Section = Libro |
| Language: | Undetermined Spanish |
| Published: |
Managua
UNI
2015
|
| Subjects: |
| LEADER | 01127nam a2200253Ia 4500 | ||
|---|---|---|---|
| 008 | 240830s9999 xx 000 0 und d | ||
| 040 | |a BIBLIOTECA-RUSB/ M.Mon 658.401 H557 | ||
| 041 | |a spa | ||
| 082 | |a M.Mon 658.401 H557 | ||
| 100 | 1 | |a Hernández Barreto, Ana Carolina | |
| 100 | 1 | |b Lacayo Escorcia, Nebardo Javier | |
| 245 | 1 | 0 | |a Diseño de un Plan Estratégico de la Empresa DIANCA periodo 2016-2020 |
| 260 | |a Managua |b UNI |c 2015 | ||
| 300 | |a 91 p. :il. | ||
| 500 | |a Contiene: anexos e Incluye: CD. | ||
| 502 | |a Tesis (Máster en Gestión Empresarial) - UNI, 2015. | ||
| 520 | 3 | |a Presenta un diseño de un plan estratégico ya que nunca se ha realizado una planificación formal de las actividades, lo que ocasiona un estancamiento de la empresa en cuanto a su participación en el mercado. Así mismo un diagnóstico de las condiciones macro ambientales y micro ambientales. | |
| 650 | 7 | |a PLAN ESTRATEGICO | |
| 650 | 7 | |b FORMULACION DE POLITICAS | |
| 650 | 7 | |c diagnóstico EMPRESARIAL-DIANCA | |
| 700 | 1 | |a Tutor: |b Sequeira Hernández, José Manuel | |
| 942 | |c BK |2 ddc | ||
| 991 | |a TESIS | ||
| 999 | |c 19369 | ||